| 000 | 01235cam a2200217 4500 | ||
|---|---|---|---|
| 001 | ABS65314 | ||
| 008 | 020422n2002 000 0 eng u | ||
| 035 | _a(Sirsi) u117608 | ||
| 100 | _aMurphy, B | ||
| 245 | 4 | _aThe hidden killer | |
| 260 | _c2002 | ||
| 490 |
_aBuilding _v267(8226) 22 March 2002, 52-53(2) |
||
| 520 | _aAsbestos can still be found in 4.4m buildings and continues to pose serious health risks. Article highlights the common parts of a building where asbestos resides and discusses revisions to the Control of Asbestos at Work Regulations 1987 which introduce a legal duty to manage asbestos. To comply with the new regulations, building owners and operators should take several steps from conducting a survey to identify asbestos to creating a plan to manage, control and monitor the risk. Advises organisations to take a proactive approach and prepare over the next two years for the introduction of the amended regulations. | ||
| 590 | _aABS | ||
| 650 | _aMANAGEMENT-HEALTH AND SAFETY-HAZARDOUS SUBSTANCES-ASBESTOS | ||
| 650 | _aBUILDING SURVEYS | ||
| 650 | _aRISK MANAGEMENT | ||
| 650 | _aCONTROL OF ASBESTOS AT WORK REGULATIONS 1987 | ||
| 690 | _aBUILT ENVIRONMENT-BUILDING STANDARDS | ||
| 942 | _n0 | ||
| 999 |
_c70032 _d70032 |
||